| 000 | 00639nam a2200193Ii 4500 | ||
|---|---|---|---|
| 003 | JO-AjNU | ||
| 008 | 230605s9999||||xx |||||||||||||| ||und|| | ||
| 040 |
_aJO-AjNU _bara _erda _cJO-AjNU |
||
| 041 | _aara | ||
| 050 | 1 | 4 | _aPJ7862.H85.A16 1900 |
| 100 | 3 |
_aتأليف الشيرازي،سعدي ؛ ترجمة محمد الفراتي, _eauthor _919878 |
|
| 245 | 0 | 0 | _aكلستان روضة الورد |
| 264 | 3 | 1 | _aد.م: د.ن، 1900 |
| 300 | _a315ص | ||
| 336 |
_atext _btxt _2rdacontent |
||
| 337 |
_aunmediated _bn _2rdamedia |
||
| 338 |
_avolume _bnc _2rdacarrier |
||
| 650 | 4 |
_aالأدب الفارسي - تاريخ ونقد _919879 |
|
| 999 |
_aA6637 _c10205 _d10205 |
||